000 00278nam a2200109Ia 4500
008 240109s9999 xx 000 0 und d
041 _aeng
100 _aR.L.Mills
245 _aStatictics for Applied Economics and Business
260 _bM.G.H Newyork
650 _aManagement
999 _c1020505
_d1020505